000 00797nam a22002897a 4500
003 CHAP
005 20220329134419.0
008 971013s1962 r 00010 d
010 _a20166
011 _a21138
035 _a25227
040 _cCHAP
082 _a631.4954
_bA73
100 0 0 _aArakeri, H. R.
_96469
245 _aSoil management in India
250 _a2 ed.
260 _aLondon :
_bAsia Publishing House,
_c1962
300 _a609 p.
_b: ilus
590 _aBATCH-UPD
_b10
_c20130110
_lUCH01
_h0238
590 _aBATCH-UPD
_b10
_c20130110
_lUCH01
_h1513
590 _aCONVERSION
_b10
_c20130109
_lUCH01
_h1312
650 1 4 _aSuelos.
_9110191
650 1 4 _aSuelos
_xIndia.
_9110398
901 _aBK
942 _cLIBRO
949 _a631.4954 A73
_bBC
_cBPA
_d-58134
_eBPA
_h21638
_i25227
_si
999 _c20166
_d20166